[Event "Helsingor Xtracon op"]
[Site "Helsingor"]
[Date "2017.07.25"]
[Round "5"]
[White "Dahl, Ian"]
[Black "Loveid, Erik"]
[Result "0-1"]
[WhiteElo "1347"]
[BlackElo "1640"]
[PlyCount "70"]
[EventDate "2017.07.22"]
[EventType "swiss"]
[EventRounds "10"]
[EventCountry "DEN"]
[SourceTitle "CBM 179 Extra"]
[Source "ChessBase"]
[SourceDate "2017.08.23"]
[SourceVersion "1"]
[SourceVersionDate "2017.08.23"]
[SourceQuality "1"]

1. e4 e6 2. d4 d5 3. exd5 exd5 4. Bd3 Nf6 5. Ne2 Be7 6. 0-0 0-0 7. Bf4 Nc6 8. Nd2 Bg4 9. f3 Bh5 10. Nb3 Re8 11. Qd2 Bg6 12. Bxg6 hxg6 13. Rfe1 Nh5 14. c3 b6 15. Kf2 f5 16. g3 Rf8 17. Qd3 Qd7 18. Bd2 Rf7 19. Nf4 Nxf4 20. Bxf4 g5 21. Be5 Nxe5 22. dxe5 Qe6 23. Kg2 c5 24. Rad1 Rd8 25. Re2 Qh6 26. Qb5 g4 27. f4 g5 28. fxg5 Bxg5 29. e6 Re7 30. Qc6 f4 31. Kf1 fxg3 32. Kg1 gxh2+ 33. Rxh2 Qxe6 34. Qb5 Be3+ 35. Kf1 Rf8+ 0-1

[Event "NOR-ch U14"]
[Site "Tromsoe"]
[Date "2016.07.14"]
[Round "7"]
[White "Dahl, Ian"]
[Black "Myran, Brage"]
[Result "0-1"]
[WhiteElo "1003"]
[BlackElo "1248"]
[PlyCount "92"]
[EventDate "2016.07.09"]
[EventType "swiss"]
[EventRounds "9"]
[EventCountry "NOR"]
[SourceTitle "EXT 2024"]
[Source "ChessBase"]
[SourceDate "2023.10.10"]
[SourceVersion "1"]
[SourceVersionDate "2023.10.10"]
[SourceQuality "1"]

1. e4 e6 2. b3 d5 3. Bb2 Nc6 4. Nc3 f6 5. Qh5+ g6 6. Qf3 d4 7. Nce2 e5 8. Ng3 Be6 9. Bb5 Qd7 10. N1e2 a6 11. Bxc6 Qxc6 12. c3 dxc3 13. Qxc3 Ne7 14. 0-0 0-0-0 15. Ba3 Rd7 16. Rac1 Bg7 17. Qb4 Qb5 18. Rc2 Qxb4 19. Bxb4 Nc6 20. Bc5 Rhd8 21. Be3 Bf8 22. Rfc1 Nb4 23. Bb6 Nxc2 24. Rxc2 Kb8 25. Ba5 b6 26. Bc3 Bh6 27. d4 exd4 28. Nxd4 Rxd4 29. Bxd4 Rxd4 30. h3 c5 31. f3 Rd1+ 32. Kf2 Rd2+ 33. Rxd2 Bxd2 34. Ne2 Bf7 35. g4 c4 36. f4 cxb3 37. axb3 Bxb3 38. e5 fxe5 39. fxe5 Kc7 40. Kf3 Bd5+ 41. Kf2 a5 42. Nd4 Kd7 43. Ke2 Bc3 44. Nb5 Bc4+ 45. Kd1 Bxb5 46. Kc2 Bxe5 0-1

[Event "NOR-ch U10"]
[Site "Lillehammer"]
[Date "2013.06.29"]
[Round "8"]
[White "Dahl, Ian"]
[Black "Bronder, Polina"]
[Result "0-1"]
[WhiteElo "514"]
[BlackElo "592"]
[PlyCount "36"]
[EventDate "2013.06.29"]
[EventType "swiss"]
[EventRounds "9"]
[EventCountry "NOR"]
[SourceTitle "EXT 2017"]
[Source "ChessBase"]
[SourceDate "2016.10.25"]
[SourceVersion "1"]
[SourceVersionDate "2016.10.25"]
[SourceQuality "1"]

1. e4 e5 2. Nf3 Nf6 3. Nxe5 Qe7 4. d4 d6 5. Nd3 Nxe4 6. g3 Nc3+ 7. Qe2 Nxe2 8. Bxe2 Bg4 9. Nc3 Nc6 10. 0-0 Bxe2 11. Nxe2 0-0-0 12. Re1 Qf6 13. d5 Nd4 14. h4 Nxc2 15. Bg5 Qf5 16. Rad1 Nxe1 17. Rxe1 f6 18. Bxf6 gxf6 0-1